[Event "AUTO-OPEN-4177"]
[Site "http://www.queenalice.com/game.php?id=1613450"]
[Date "2020.5.23"]
[Round "1"]
[White "Magogue"]
[Black "Dean20"]
[Result "0-1"]
[WhiteElo "1712"]
[BlackElo "1688"]

1. e4 e6 2. a4 Nc6 3. h4 b6 4. d4 d5 5. Bb5 Bb7 6. e5 Bb4+ 7. c3 Be7 8. Nf3 h6
9. Bf4 Qd7 10. Nbd2 a6 11. Bd3 O-O-O 12. Qc2 f6 13. exf6 Bxf6 14. b4 a5 15. b5
Nb8 16. Rc1 Ne7 17. c4 c6 18. Ne5 Bxe5 19. Bxe5 Ng8 20. O-O Qe7 21. Bg3 Nd7 22.
Bg6 Ngf6 23. Rfe1 c5 24. cxd5 Bxd5 25. dxc5 Nxc5 26. Nb3 Nd7 27. Nxc5 Nxc5 28.
Be5 Qxh4 29. Bxg7 Qg4 30. f4 Rhg8 31. Bxh6 Rxg6 32. Bg5 Rd7 0-1

[Event "AUTO-OPEN-4177"]
[Site "http://www.queenalice.com/game.php?id=1613451"]
[Date "2020.5.23"]
[Round "1"]
[White "Dean20"]
[Black "Magogue"]
[Result "1-0"]
[WhiteElo "1670"]
[BlackElo "1730"]

1. e4 a5 2. Nf3 e6 3. Nc3 h5 4. d4 d5 5. Bd3 Bb4 6. Bd2 Bxc3 7. bxc3 Nf6 8. Bg5
dxe4 9. Bxe4 Qd6 10. Bxf6 gxf6 11. O-O h4 12. h3 Nc6 13. d5 Ne5 14. Re1 Nxf3+
15. Bxf3 e5 16. c4 Qc5 17. Qd3 Bd7 18. Rab1 Rb8 19. Rb3 Kd8 20. Reb1 b6 21. Be4
Rg8 22. Bf5 Bxf5 23. Qxf5 Rg6 24. Qh5 Ke7 25. Qxh4 Rbg8 26. g4 Qd4 27. Qg3 f5
28. d6+ Rxd6 29. Rd3 Qxc4 30. Qxe5+ Re6 31. Qxf5 Qxc2 32. Rbd1 Qxa2 33. Rd7+ 1-0

[Event "AUTO-INT-3542"]
[Site "http://www.queenalice.com/game.php?id=1613480"]
[Date "2020.5.23"]
[Round "1"]
[White "JoseMessias"]
[Black "Dean20"]
[Result "0-1"]
[WhiteElo "1607"]
[BlackElo "1552"]

1. c3 e5 2. d4 Nc6 3. d5 Nce7 4. e4 Nf6 5. Nd2 d6 6. g4 Bxg4 7. Qa4+ Bd7 8. Qb4
b6 9. Bb5 a6 10. Bxd7+ Qxd7 11. Nc4 Nxe4 12. a4 Nxd5 13. Qb3 Nxf2 14. Kxf2 Qf5+
15. Nf3 e4 16. Ne5 dxe5 17. Qxd5 Qxf3+ 18. Kg1 Bc5+ 19. Qxc5 bxc5 20. Bd2 e3 21.
Be1 e2 22. Rc1 Qf1# 0-1

[Event "AUTO-INT-3542"]
[Site "http://www.queenalice.com/game.php?id=1613481"]
[Date "2020.5.23"]
[Round "1"]
[White "Dean20"]
[Black "JoseMessias"]
[Result "1-0"]
[WhiteElo "1614"]
[BlackElo "1622"]

1. d4 d5 2. Nf3 Nc6 3. g3 Bg4 4. Bg2 Bf5 5. O-O Be4 6. e3 Bxf3 7. Qxf3 e5 8.
Qxd5 exd4 9. Qf3 Nf6 10. a3 d3 11. Rd1 Ne5 12. Qxb7 Bc5 13. Qb5+ Ned7 14. Bxa8
Qxa8 15. Rxd3 O-O 16. Nc3 a6 17. Qb3 Ne5 18. Rd1 Nf3+ 19. Kf1 Nxh2+ 20. Kg1 Nfg4
21. Qc4 Qf3 22. Qe2 Qf5 23. Rd5 Qf6 24. Rxc5 Qd6 25. Rd5 Qh6 26. e4 Qh3 27. Bf4
h6 28. f3 g5 29. Bxc7 Nf6 30. Rc5 Nd7 31. Rf5 Rc8 32. Nd5 Kg7 33. Qxh2 Qxh2+ 34.
Kxh2 Nc5 35. Be5+ Kg6 36. Ne7+ Kh7 37. Rxf7# 1-0

[Event "AUTO-INT-3542"]
[Site "http://www.queenalice.com/game.php?id=1613504"]
[Date "2020.5.23"]
[Round "1"]
[White "Dean20"]
[Black "DAlessandro"]
[Result "0-1"]
[WhiteElo "1592"]
[BlackElo "1871"]

1. d4 d5 2. Nf3 Nc6 3. e3 Nf6 4. Nbd2 Bg4 5. Be2 e6 6. c3 Be7 7. O-O O-O 8. Qc2
Re8 9. h3 Bxf3 10. Nxf3 Bf8 11. Bb5 a6 12. Bd3 e5 13. Nd2 exd4 14. exd4 Qd7 15.
Bf5 Qd8 16. Nf3 g6 17. Bd3 Bg7 18. a3 Qd6 19. Bd2 b5 20. b4 Rac8 21. Rfe1 Re7
22. a4 Rxe1+ 23. Rxe1 bxa4 24. Qxa4 Ra8 25. b5 Nb8 26. Ne5 Nfd7 27. Nxd7 Nxd7
28. g3 a5 29. Bf4 Qf6 30. Re2 Nb6 31. Qb3 c6 32. Be5 Qg5 33. Kg2 a4 34. Qb4 cxb5
35. Qxb5 Qd8 36. Bc2 a3 37. Re1 Nc4 0-1

[Event "AUTO-INT-3542"]
[Site "http://www.queenalice.com/game.php?id=1613505"]
[Date "2020.5.23"]
[Round "1"]
[White "DAlessandro"]
[Black "Dean20"]
[Result "1-0"]
[WhiteElo "1886"]
[BlackElo "1587"]

1. c4 g6 2. d4 e6 3. Nc3 Bg7 4. Nf3 Nf6 5. Bg5 c6 6. e4 Qb6 7. b3 Qb4 8. Bd2 Qe7
9. Be2 d5 10. cxd5 exd5 11. exd5 O-O 12. dxc6 Nxc6 13. O-O Re8 14. Re1 Qd7 15.
Bb5 a6 16. Bf1 Nxd4 17. Nxd4 Qxd4 18. Rxe8+ Nxe8 19. Rc1 Bg4 20. Qe1 Nf6 21. Be3
Qd6 22. f3 Be6 23. Na4 Nd5 24. Bd2 b5 25. Nc3 Rd8 26. Ne4 Qb6+ 27. Kh1 Qb8 28.
Nc5 Rd6 29. Ne4 Rd8 30. Ba5 Rc8 31. Rxc8+ Bxc8 32. Ng5 Nf6 33. Qe7 Be6 34. Nxe6
fxe6 35. Qxe6+ Kh8 36. Qxa6 h5 37. Qxb5 Qf4 38. Bc3 1-0

[Event "AUTO-INT-3543"]
[Site "http://www.queenalice.com/game.php?id=1613909"]
[Date "2020.5.26"]
[Round "1"]
[White "SamuraiJOM"]
[Black "Dean20"]
[Result "0-1"]
[WhiteElo "1566"]
[BlackElo "1570"]

1. e4 e6 2. Nf3 Nc6 3. d4 Nge7 4. Bc4 d5 5. exd5 Nxd5 6. O-O Nf6 7. Bf4 Bd6 8.
Ne5 Bd7 9. Nxd7 Bxf4 10. Nxf6+ Qxf6 11. c3 O-O 12. Nd2 Qh6 13. Nf3 a6 14. Qd3
Rad8 15. g3 Ne5 16. Nxe5 Bxe5 17. f4 Bd6 18. d5 Bc5+ 19. Kg2 c6 20. a3 exd5 21.
Ba2 Rfe8 22. b4 Re3 23. Qf5 Re2+ 24. Kf3 Qxh2 25. Rh1 Re3+ 26. Kg4 Rxg3# 0-1

[Event "AUTO-INT-3543"]
[Site "http://www.queenalice.com/game.php?id=1613910"]
[Date "2020.5.26"]
[Round "1"]
[White "Dean20"]
[Black "SamuraiJOM"]
[Result "0-1"]
[WhiteElo "1723"]
[BlackElo "1596"]

1. d4 d5 2. g3 Nc6 3. Nf3 Nf6 4. Bg2 Bf5 5. a3 h6 6. O-O e6 7. Re1 Bd6 8. Nbd2
O-O 9. b3 a5 10. c4 dxc4 11. bxc4 e5 12. e3 e4 13. Nh4 Bh7 14. Bf1 Qe7 15. c5
Bxc5 16. dxc5 Qxc5 17. Ng2 a4 18. Rb1 b6 19. Be2 Ne5 20. Bb2 Rfe8 21. Rc1 Qa5
22. Rxc7 Red8 23. Bd4 b5 24. Qc2 Nf3+ 25. Bxf3 exf3 26. Qc1 fxg2 27. Kxg2 Bf5
28. Rc5 Rac8 29. Rxc8 Rxc8 30. Qd1 Qa8+ 31. Kg1 Bh3 32. f3 Ng4 33. Ne4 Rd8 34.
Nc5 Ne5 35. e4 Nxf3+ 36. Qxf3 Rxd4 37. g4 Qc8 38. Nd3 Bxg4 39. Qg3 h5 40. h3
Bxh3 0-1

[Event "AUTO-INT-3543"]
[Site "http://www.queenalice.com/game.php?id=1613923"]
[Date "2020.5.26"]
[Round "1"]
[White "nuage"]
[Black "Dean20"]
[Result "1-0"]
[WhiteElo "1655"]
[BlackElo "1631"]

1. Nf3 d5 2. d3 Nf6 3. Bg5 Nbd7 4. g3 e5 5. Bg2 Bc5 6. Nc3 c6 7. e4 d4 8. Na4
Qa5+ 9. Bd2 Qxa4 10. b3 Qa6 11. O-O b5 12. Bg5 h6 13. Bxf6 Nxf6 14. Nxe5 O-O 15.
Nf3 Bg4 16. h3 Bxf3 17. Bxf3 Rae8 18. Re1 Bb4 19. Re2 Bc3 20. Rb1 Qxa2 21. e5
Nd5 22. Bxd5 cxd5 23. f4 Qa6 24. Ra1 Bxa1 25. Qe1 Bc3 26. Qf1 Qg6 27. Kg2 Ba5
28. f5 Qg5 29. h4 Qd8 30. Qf2 Bb6 31. Qf4 a5 32. Qg4 1-0

[Event "AUTO-INT-3543"]
[Site "http://www.queenalice.com/game.php?id=1613924"]
[Date "2020.5.26"]
[Round "1"]
[White "Dean20"]
[Black "nuage"]
[Result "0-1"]
[WhiteElo "1647"]
[BlackElo "1639"]

1. e4 e5 2. Nf3 Nc6 3. b3 Nf6 4. Nc3 Bb4 5. Bd3 Bxc3 6. dxc3 O-O 7. O-O d6 8.
Re1 Bg4 9. h3 Bxf3 10. Qxf3 d5 11. Bg5 d4 12. c4 Nb4 13. Re2 h6 14. Bd2 Nxd3 15.
cxd3 c5 16. Qg3 Nh5 17. Qxe5 Nf6 18. Qxc5 b6 19. Qf5 Rc8 20. e5 Nd7 21. Qg4 Rc5
22. Bxh6 g6 23. Bxf8 Nxe5 24. Qg3 Qxf8 25. Rxe5 Kg7 26. Rxc5 bxc5 27. h4 Qh8 28.
Qg4 f5 29. Qf4 a5 30. Qc7+ Kh6 0-1

[Event "AUTO-INT-3543"]
[Site "http://www.queenalice.com/game.php?id=1613931"]
[Date "2020.5.26"]
[Round "1"]
[White "sphagnis"]
[Black "Dean20"]
[Result "1-0"]
[WhiteElo "1677"]
[BlackElo "1577"]

1. e4 e5 2. Bc4 Bc5 3. Nc3 Nf6 4. Qf3 O-O 5. Nge2 d6 6. h3 Re8 7. d3 Nc6 8. a3
Be6 9. Bg5 Nd4 10. Nxd4 Bxd4 11. O-O Bxc3 12. bxc3 c6 13. Bxe6 Rxe6 14. d4 h6
15. Bh4 b5 16. Rfd1 d5 17. exd5 cxd5 18. a4 e4 19. Bxf6 Rxf6 20. Qe3 a6 21. c4
bxc4 22. c3 Rb8 23. Rab1 1-0

[Event "AUTO-INT-3543"]
[Site "http://www.queenalice.com/game.php?id=1613932"]
[Date "2020.5.26"]
[Round "1"]
[White "Dean20"]
[Black "sphagnis"]
[Result "0-1"]
[WhiteElo "1565"]
[BlackElo "1689"]

1. d4 d6 2. e4 e5 3. Nf3 Bg4 4. d5 c6 5. c4 h6 6. Nc3 a6 7. Be3 c5 8. Be2 Nf6 9.
Qb3 Qd7 10. h3 Bh5 11. Nd2 Be7 12. Bxh5 Nxh5 13. Na4 Bd8 14. O-O O-O 15. Qd1 Nf6
16. f4 b5 17. Nc3 bxc4 18. Nxc4 a5 19. fxe5 dxe5 20. Bxc5 Re8 21. Bb6 Qb7 22.
Bf2 Qxb2 0-1

[Event "AUTO-INT-3547"]
[Site "http://www.queenalice.com/game.php?id=1615381"]
[Date "2020.6.6"]
[Round "1"]
[White "wudang"]
[Black "Dean20"]
[Result "1-0"]
[WhiteElo "2246"]
[BlackElo "1579"]

1. e4 e5 2. Nf3 Nc6 3. d4 Nf6 4. dxe5 Ng4 5. Bf4 Bc5 6. Bg3 Qe7 7. Nc3 d6 8. Nd5
Qd7 9. exd6 cxd6 10. h3 Nge5 11. Nxe5 dxe5 12. Bc4 O-O 13. Qh5 Nd4 14. Bxe5 1-0

[Event "AUTO-INT-3547"]
[Site "http://www.queenalice.com/game.php?id=1615382"]
[Date "2020.6.6"]
[Round "1"]
[White "Dean20"]
[Black "wudang"]
[Result "0-1"]
[WhiteElo "1581"]
[BlackElo "2245"]

1. e4 c5 2. Nf3 e6 3. d4 cxd4 4. Nxd4 a6 5. Bd3 Qc7 6. a3 Nc6 7. Be3 Nf6 8. Nd2
Nxd4 9. Bxd4 e5 10. Bc3 d5 11. Bb4 Bxb4 12. axb4 Bg4 13. f3 Be6 14. b5 dxe4 0-1

[Event "AUTO-INT-3547"]
[Site "http://www.queenalice.com/game.php?id=1615397"]
[Date "2020.6.6"]
[Round "1"]
[White "nuage"]
[Black "Dean20"]
[Result "0-1"]
[WhiteElo "1610"]
[BlackElo "1646"]

1. Nf3 d5 2. d3 Nc6 3. g3 Nf6 4. Bg2 e5 5. O-O h6 6. Nbd2 Bf5 7. c4 Be6 8. Rb1
Be7 9. a3 e4 10. dxe4 dxe4 11. Nh4 g5 12. b4 gxh4 13. gxh4 Rg8 14. f3 Bh3 15.
Kf2 Qd4+ 16. e3 Rxg2+ 17. Ke1 Qxe3+ 0-1

[Event "AUTO-INT-3547"]
[Site "http://www.queenalice.com/game.php?id=1615398"]
[Date "2020.6.6"]
[Round "1"]
[White "Dean20"]
[Black "nuage"]
[Result "1-0"]
[WhiteElo "1597"]
[BlackElo "1627"]

1. d4 e6 2. e4 Nf6 3. Nc3 Bb4 4. e5 Nd5 5. Bd2 O-O 6. Bd3 Nxc3 7. bxc3 Ba5 8.
Nf3 b6 9. Be4 c6 10. Ng5 f6 11. Bxh7+ Kh8 12. Bg6 Kg8 13. Qh5 Re8 14. Qh7+ Kf8
15. Qh8+ Ke7 16. Qxg7# 1-0

[Event "AUTO-INT-3547"]
[Site "http://www.queenalice.com/game.php?id=1615407"]
[Date "2020.6.6"]
[Round "1"]
[White "Danado"]
[Black "Dean20"]
[Result "1-0"]
[WhiteElo "1647"]
[BlackElo "1664"]

1. e4 d5 2. exd5 Qxd5 3. Nc3 Qd6 4. d4 e5 5. Be3 Nd7 6. dxe5 Qxe5 7. Nf3 Qa5 8.
Qd2 c6 9. Qe2 Be7 10. a3 Ngf6 11. Qd3 O-O 12. Bd2 Qb6 13. Na4 Qc7 14. Ng5 g6 15.
Be2 Nb6 16. Nxb6 Qxb6 17. Bf3 Qxb2 18. O-O Qb6 19. Rab1 Qd8 20. Qxd8 Rxd8 21.
Rbd1 Bxa3 22. Rfe1 h6 23. Ne4 Nxe4 24. Bxe4 g5 25. Bc3 Bg4 26. h3 Bxd1 27. Bf5
Bh5 28. g4 Bg6 29. Bxg6 fxg6 30. Re6 Rd6 31. Re3 Bc5 32. Re2 Rf8 33. Kg2 b5 34.
f3 1-0

[Event "AUTO-INT-3547"]
[Site "http://www.queenalice.com/game.php?id=1615408"]
[Date "2020.6.6"]
[Round "1"]
[White "Dean20"]
[Black "Danado"]
[Result "0-1"]
[WhiteElo "1682"]
[BlackElo "1629"]

1. e4 e5 2. Nf3 d6 3. d3 Bg4 4. h3 Bxf3 5. Qxf3 Nc6 6. c3 Qf6 7. Qd1 O-O-O 8. h4
h6 9. Be2 d5 10. Bf3 d4 11. O-O h5 12. Bg5 Qd6 13. Bxd8 Nxd8 14. Bxh5 g6 15.
Bg4+ Ne6 16. g3 Nh6 17. Bh3 Qb6 18. b3 dxc3 19. Nxc3 Qd4 20. Nd5 Kb8 21. Qc2 Bc5
22. Rac1 b6 23. Bxe6 fxe6 24. Ne3 Rf8 25. Qe2 Rg8 26. Rc4 Qd6 27. f3 Rf8 28. Kg2
Bxe3 29. Qxe3 Qa3 30. Rc2 Nf7 31. d4 Rd8 32. Qc3 Qd6 33. Rd1 Rd7 0-1